000 00987cab a2200229 4500
001 WB3401-75
008 090401t1997 xxu||||| |||| 00| 0 eng d
035 _a(Sirsi) u82834
041 _aeng
245 _aMineral rights
260 _c1997
350 _a0
490 _aEstates Gazette Case Summaries
_v[1997] EGCS 172
520 _a"Western Aggregates Ltd v Hereford and Worcester CC" QBD 28 November 1997. Minerals local plan. Applicant`s aggregate site recommended for inclusion in plan. Council rejected planning officer`s recommendation without giving reasons. Applicant withdrew objection, lengthy planning process. Council hearing objections to final plan, including those of applicant. Applicant seeking to quash modifications to plan. Held, application dismissed.
650 _aAGGREGATES
650 _aMINERALS LOCAL PLAN
650 _aMODIFICATION
650 _aPLANNING PROCESS
690 _aMINING AND MINERALS-CASE LAW
942 _n0
948 _c19/12/1997
999 _c52309
_d52309